[Event "Liptovsky Mikulas V4 U11 op"]
[Site "Liptovsky Mikulas"]
[Date "2017.06.25"]
[Round "8"]
[White "Kuranova, Liubov"]
[Black "Boba, Kristian"]
[Result "1-0"]
[WhiteElo "1000"]
[BlackElo "1103"]
[PlyCount "131"]
[EventDate "2017.06.22"]
[EventType "swiss"]
[EventRounds "9"]
[EventCountry "SVK"]
[SourceTitle "CBM 179 Extra"]
[Source "ChessBase"]
[SourceDate "2017.08.23"]
[SourceVersion "1"]
[SourceVersionDate "2017.08.23"]
[SourceQuality "1"]

1. e4 e5 2. Nf3 Nc6 3. d4 d5 4. exd5 Qxd5 5. dxe5 Qxd1+ 6. Kxd1 Bc5 7. Ke1 Nh6 8. h3 Bf5 9. Bd3 Bxd3 10. cxd3 Nb4 11. d4 Nc2+ 12. Kd1 Nxa1 13. Bxh6 gxh6 14. dxc5 0-0-0+ 15. Nbd2 Rd5 16. b4 Rg8 17. g3 Rd3 18. Kc1 c6 19. Kb2 Rgd8 20. Kxa1 Rxd2 21. Nxd2 Rxd2 22. f4 Kd7 23. Rb1 Rd3 24. Rb3 Rd1+ 25. Rb1 Rd2 26. Rb2 Rd4 27. Rb3 b6 28. cxb6 axb6 29. a3 b5 30. Rc3 Rd5 31. Kb2 Rd2+ 32. Rc2 Rd1 33. Rc1 Rd5 34. Kc2 c5 35. Rd1 Rxd1 36. Kxd1 cxb4 37. axb4 Kc6 38. Kc2 Kd5 39. Kd3 Kc6 40. Kd4 Kb6 41. Kd5 Kc7 42. Kc5 Kd7 43. Kxb5 Kc7 44. Ka6 Kb8 45. b5 h5 46. h4 Ka8 47. b6 h6 48. f5 Kb8 49. b7 f6 50. exf6 Kc7 51. Ka7 Kc6 52. b8Q Kd5 53. Qe8 Kd4 54. Qe6 Kd3 55. Qe5 Kd2 56. Qe4 Kc3 57. Qd5 Kc2 58. Qd4 Kb3 59. Qc5 Kb2 60. Qc4 Kb1 61. Qe2 Kc1 62. Ka6 Kb1 63. Kb5 Kc1 64. Kc4 Kb1 65. Kb3 Kc1 66. Qc2# 1-0